| 000 | 00337 a2200133 4500 | ||
|---|---|---|---|
| 001 | 64413 | ||
| 082 | _a658.40352 HAL | ||
| 090 |
_c38041 _d38041 |
||
| 100 | _aHall O.P | ||
| 245 | _aComputer Models for operations management | ||
| 250 | _a3rd Edition | ||
| 260 |
_aReading Massachusetts _bAddison Wesley _c1996 |
||
| 300 | _a192p | ||
| 942 |
_aNUST-CAE _k658.40352 HAL |
||
| 999 |
_c299486 _d299486 |
||